| Tag |
First Indicator |
Second Indicator |
Subfields |
| LEADER |
00000cam a2200000 a 4500 |
| 001 |
in00000073808 |
| 005 |
20151008054717.0 |
| 008 |
770615m18761877gw c b 00110 ger d |
| 019 |
|
|
|a 42438468
|
| 029 |
1 |
|
|a NLGGC
|b 052488233
|
| 029 |
1 |
|
|a AU@
|b 000012264108
|
| 035 |
|
|
|a (OCoLC)03044717
|
| 035 |
|
|
|9 AAJ1459AM
|
| 040 |
|
|
|a UUM
|c UUM
|d m.c.
|d TXA
|d UtOrBLW
|
| 049 |
|
|
|a TXAM
|d [
|v =Bd.]
|v 1 [1654751]
|v 2 [1654752]
|
| 090 |
|
|
|a B825
|b .L3 1876
|
| 100 |
1 |
|
|a Lange, Friedrich Albert,
|d 1828-1875.
|
| 245 |
1 |
0 |
|a Geschichte des Materialismus und Kritik seiner Bedeutung in der Gegenwart /
|c von Friedrich Albert Lange.
|
| 250 |
|
|
|a 3. Aufl.
|b Mit dem Portrait des Verfassers nebst angaben uber sein Leben.
|
| 264 |
|
1 |
|a Iserlohn :
|b J. Baedeker,
|c 1876-1877.
|
| 300 |
|
|
|a 2 volumes :
|b portrait ;
|c 22 cm.
|
| 336 |
|
|
|a text
|b txt
|2 rdacontent
|
| 337 |
|
|
|a unmediated
|b n
|2 rdamedia
|
| 338 |
|
|
|a volume
|b nc
|2 rdacarrier
|
| 504 |
|
|
|a Includes bibliographical references and index.
|
| 505 |
0 |
|
|a 1. buch. Geschichte des materialismus bis auf Kant -- 2. buch. Geschichte des materialismus seit Kant.
|
| 650 |
|
0 |
|a Materialism.
|
| 999 |
|
|
|a MARS
|
| 999 |
f |
f |
|s c3498398-6de2-3ba0-87b3-907351466385
|i 4775a7e1-80a4-30d5-a40c-d72b2163f0ba
|t 0
|
| 952 |
f |
f |
|p normal
|a Texas A&M University
|b College Station
|c Sterling C. Evans Library
|d Evans: Library Stacks
|t 0
|e B825 .L3 1876
|h Library of Congress classification
|i unmediated -- volume
|k Bd.2
|m A14806078951
|
| 952 |
f |
f |
|p normal
|a Texas A&M University
|b College Station
|c Sterling C. Evans Library
|d Evans: Library Stacks
|t 0
|e B825 .L3 1876
|h Library of Congress classification
|i unmediated -- volume
|k Bd.1
|m A14806078943
|
| 998 |
f |
f |
|a B825 .L3 1876
|s Bd.1-Bd.2
|t 0
|l Evans: Library Stacks
|